000 00717nab a2200253 a 4500
001 57211
003 128409
005 20201118103308.0
008 ||||||n9999 ||| || ||
041 _aspa
245 0 _aPrincipales tendencias de la politica exterior Colombia
260 _aBogotá :
_bProvincia Colombia de la Compañia de Jesus,
_c1996.
300 _app.105-106
562 _e0
650 _aCOLOMBIA
650 _aCOOPERACIÓN INTERNACIONAL
650 _aDERECHOS HUMANOS
650 _aMEDIO AMBIENTE
650 _aPAÍSES DESARROLLADOS
650 _aPOLÍTICA EXTERIOR
650 _aRELACIONES INTERNACIONALES
773 _057208
_aRevista Javeriana - Vol.127 No.627
942 _cSART
999 _c57211
_d57211